| 000 | 00734nam a2200241 a 4500 | ||
|---|---|---|---|
| 008 | |||
| 020 | _a0442006519 (hbk.) | ||
| 049 | _aMAIN | ||
| 090 |
_aS675 _bROT |
||
| 100 | 1 | _aRoth, Lawrence O. | |
| 245 | 1 | 3 |
_aAn introduction to agricultural engineering : _ba problem-solving approach / _cLawrence O. Roth and Harry L. Field. |
| 250 | _a2nd ed. | ||
| 260 |
_aNew York : _bVan Nostrand Reinhold, _cc1991. |
||
| 300 |
_av, 346 p. : _bill. ; _c24 cm. |
||
| 500 | _aIncludes index. | ||
| 650 | 0 | _aAgricultural engineering. | |
| 700 | 1 | _aField, Harry L. | |
| 907 |
_a.b10131437 _b07-05-12 _c26-07-04 |
||
| 003 | |||
| 005 | 20230123133801.0 | ||
| 040 | _cNUST | ||
| 942 |
_cBOOKS _kS675 _mROT |
||
| 999 |
_c154555 _d154555 |
||